[Event "Festival Magistrale"]
[Site "Caorle ITA"]
[Date "1989.07.??"]
[Round "3"]
[White "Paizis, Adamantia"]
[Black "Sinka, Brigitta"]
[Result "1-0"]
[WhiteElo "2115"]
[BlackElo "2045"]
[PlyCount "79"]
[EventDate "1989.07.01"]

1. e4 c5 2. Nf3 Nc6 3. d4 cxd4 4. Nxd4 Nf6 5. Nc3 d6 6. Be2 g6 7. O-O Bg7 8.
Be3 O-O 9. Nb3 a6 10. a4 b6 11. f4 Bb7 12. Bf3 Nd7 13. Qe1 Nc5 14. Qf2 Nb4 15.
Rfd1 Qc7 16. Bd4 f6 17. Nd5 Nxd5 18. exd5 Rac8 19. Bc3 Nxb3 20. cxb3 b5 21. Qe2
b4 22. Bd4 Qd7 23. Re1 Rfe8 24. Qd2 a5 25. Bb6 Ra8 26. Rac1 Rec8 27. Rxc8+ Bxc8
28. Rc1 Qb7 29. Qe3 Ra6 30. Bd8 Bf8 31. Rc7 Qb8 32. Qc1 Ra8 33. Bxe7 Qb6+ 34.
Kh1 Bxe7 35. Rxe7 Qf2 36. Re2 Qh4 37. Qc6 Qxf4 38. Re8+ Kg7 39. Rxc8 Qe5 40.
Qc7+ 1-0

[Event "Festival Magistrale"]
[Site "Caorle ITA"]
[Date "1989.07.??"]
[Round "3"]
[White "Rasidovic, Sead"]
[Black "Ilic, Dragan M."]
[Result "1/2-1/2"]
[WhiteElo "2365"]
[BlackElo "2400"]
[PlyCount "82"]
[EventDate "1989.07.01"]

1. e4 e6 2. d4 d5 3. Nc3 Bb4 4. Bd3 c5 5. dxc5 dxe4 6. Bb5+ Bd7 7. Bxd7+ Qxd7
8. Bd2 Nf6 9. Nxe4 Nxe4 10. Bxb4 Qxd1+ 11. Rxd1 Na6 12. Ba3 Nexc5 13. Ne2 O-O
14. Nc3 Rfc8 15. Ke2 b6 16. Nb5 Ne4 17. c3 Nc7 18. Nxc7 Rxc7 19. Rd4 f5 20.
Rhd1 Rac8 21. Rd8+ Rxd8 22. Rxd8+ Kf7 23. Rf8+ Kg6 24. f3 Nf6 25. Bd6 Rd7 26.
Be5 Rd5 27. Bxf6 gxf6 28. Rb8 Rd7 29. a4 f4 30. a5 bxa5 31. Rb5 Rd5 32. Rxd5
exd5 33. Kd3 Kf5 34. Kd4 Ke6 35. g4 fxg3 36. hxg3 h5 37. b3 Kd6 38. c4 dxc4 39.
Kxc4 Kc6 40. f4 a6 41. f5 Kd6 1/2-1/2

[Event "Festival Magistrale"]
[Site "Caorle ITA"]
[Date "1989.07.??"]
[Round "3"]
[White "Steiner, Darko"]
[Black "Barle, Janez"]
[Result "0-1"]
[WhiteElo "2300"]
[BlackElo "2430"]
[PlyCount "23"]
[EventDate "1989.07.01"]

1. d4 Nf6 2. c4 e6 3. Nf3 d5 4. Bg5 Bb4+ 5. Nbd2 dxc4 6. Qa4+ Nc6 7. a3 Bxd2+
8. Bxd2 Qd5 9. Bf4 Bd7 10. Bxc7 Rc8 11. Bg3 Nxd4 12. Qd1 0-1

[Event "Festival Magistrale"]
[Site "Caorle ITA"]
[Date "1989.07.??"]
[Round "3"]
[White "Tondo, Salvatore"]
[Black "Ruzzier, Dario"]
[Result "0-1"]
[WhiteElo "1900"]
[BlackElo "1960"]
[PlyCount "108"]
[EventDate "1989.07.01"]

1. e4 e5 2. Nf3 Nf6 3. Nxe5 d6 4. Nxf7 Kxf7 5. d4 g6 6. Nc3 c6 7. Bd3 Bg7 8. h4
Re8 9. O-O Ng4 10. Bg5 Bf6 11. Bc4+ Kg7 12. Qd2 c5 13. f3 Bxd4+ 14. Kh1 Be3 15.
Qd5 Bxg5 16. Qf7+ Kh8 17. fxg4 Be3 18. g5 Nc6 19. Bb3 Ne5 20. Qd5 Qe7 21. Rf6
c4 22. Bxc4 Nxc4 23. Qxc4 Be6 24. Qd3 Bc5 25. Raf1 Rf8 26. Nd5 Bxd5 27. Qxd5
Rae8 28. Rxf8+ Rxf8 29. Rf3 Rxf3 30. gxf3 b6 31. a3 a5 32. f4 Kg7 33. c3 h6 34.
b4 axb4 35. axb4 Be3 36. gxh6+ Kxh6 37. Qg8 Qxh4+ 38. Kg2 Qf2+ 39. Kh3 Bxf4 40.
Qh8+ Kg5 41. Qd8+ Kh6 42. Qf8+ Kh5 43. Qh8+ Kg5 44. Qd8+ Kh5 45. Qh8+ Bh6 46.
Qh7 Qf6 47. Kh2 Qxc3 48. Kg2 Qc2+ 49. Kh3 Qxe4 50. b5 Qf5+ 51. Kg2 Qg5+ 52. Kh3
Qe3+ 53. Kg2 Qd2+ 54. Kh3 Qc3+ 0-1

[Event "Festival Magistrale"]
[Site "Caorle ITA"]
[Date "1989.07.??"]
[Round "3"]
[White "Travaglini, Alberto"]
[Black "Maffezzoli, Massimo"]
[Result "1/2-1/2"]
[WhiteElo "1930"]
[BlackElo "1940"]
[PlyCount "32"]
[EventDate "1989.07.01"]

1. d4 d5 2. c4 e6 3. Nc3 Nf6 4. Bg5 Be7 5. cxd5 exd5 6. Qc2 c6 7. e3 h6 8. Bf4
Bd6 9. Bg3 Bxg3 10. hxg3 Be6 11. Bd3 Nbd7 12. Nf3 Qe7 13. Nh4 Nb6 14. O-O O-O
15. b3 Nc8 16. Rae1 Qc7 1/2-1/2

[Event "Festival Magistrale"]
[Site "Caorle ITA"]
[Date "1989.07.??"]
[Round "3"]
[White "Vujovic, Milorad"]
[Black "Vlajkovic, Slobodan"]
[Result "1/2-1/2"]
[WhiteElo "2295"]
[BlackElo "2250"]
[PlyCount "34"]
[EventDate "1989.07.01"]

1. e4 e5 2. Nf3 Nc6 3. Bb5 f5 4. exf5 e4 5. Bxc6 dxc6 6. Qe2 Qe7 7. Nd4 Qe5 8.
Ne6 Bxe6 9. fxe6 Bd6 10. Nc3 Nf6 11. b3 O-O-O 12. Bb2 Qxe6 13. O-O-O Rhe8 14.
Kb1 Qf5 15. h3 Bc5 16. Rhf1 Kb8 17. Na4 Bd4 1/2-1/2

[Event "Festival Magistrale"]
[Site "Caorle ITA"]
[Date "1989.07.??"]
[Round "3"]
[White "Weinberg, Emanuele"]
[Black "Cecchetto, Vanni"]
[Result "0-1"]
[WhiteElo "1900"]
[BlackElo "1900"]
[PlyCount "38"]
[EventDate "1989.07.01"]

1. d4 Nf6 2. c4 c5 3. Nf3 cxd4 4. Nxd4 e5 5. Nf3 Nc6 6. Nc3 Bb4 7. Bd2 e4 8.
Ng5 Qe7 9. Nb5 d5 10. cxd5 Nxd5 11. a3 Bc5 12. Qb3 Nf6 13. Bf4 O-O 14. Rd1 h6
15. h4 hxg5 16. hxg5 Ng4 17. Qh3 Bxf2+ 18. Kd2 Rd8+ 19. Kc1 Rxd1+ 0-1

[Event "Festival Magistrale"]
[Site "Caorle ITA"]
[Date "1989.07.??"]
[Round "4"]
[White "Anceschi, Vittorio"]
[Black "De Gregorio, Massimiliano"]
[Result "0-1"]
[WhiteElo "2280"]
[BlackElo "1900"]
[PlyCount "114"]
[EventDate "1989.07.01"]

1. e4 g6 2. d4 Bg7 3. Nf3 d6 4. Bc4 Nf6 5. Qe2 Bg4 6. h3 Bxf3 7. Qxf3 Nc6 8. c3
O-O 9. O-O e5 10. Be3 exd4 11. cxd4 Qe7 12. Nc3 Rae8 13. Bd3 Nd7 14. Nd5 Qd8
15. Rac1 Bxd4 16. Rxc6 Ne5 17. Nf6+ Kh8 18. Qg3 Nxc6 19. Bxd4 Nxd4 20. Nxe8
Rxe8 21. Re1 Qf6 22. Bc4 b5 23. Bf1 a6 24. Qc3 c5 25. Qa5 Ra8 26. Qb6 Kg7 27.
Qb7 Qd8 28. e5 Qc8 29. Qe4 Qc6 30. Qf4 d5 31. b4 Ne6 32. Qf6+ Kg8 33. bxc5 Qxc5
34. Be2 Re8 35. Bf3 d4 36. Qh4 Kg7 37. Bg4 a5 38. Qf6+ Kg8 39. Bxe6 Rxe6 40.
Qd8+ Kg7 41. Qxa5 Rxe5 42. Qd2 Rxe1+ 43. Qxe1 d3 44. g4 Qd5 45. Qd2 b4 46. f4
Qd4+ 47. Kf1 Qe4 48. Kf2 h5 49. Qe3 Qc4 50. Qd2 hxg4 51. hxg4 f5 52. g5 Kf7 53.
Ke1 Qd4 54. Kd1 Ke6 55. Qe1+ Kd5 56. Qe8 Qa1+ 57. Kd2 Qc3+ 0-1

[Event "Festival Magistrale"]
[Site "Caorle ITA"]
[Date "1989.07.??"]
[Round "4"]
[White "Barle, Janez"]
[Black "Osmanbegovic, Suad"]
[Result "1/2-1/2"]
[WhiteElo "2430"]
[BlackElo "2240"]
[PlyCount "50"]
[EventDate "1989.07.01"]

1. Nf3 g6 2. c4 c5 3. d4 Bg7 4. e3 Nf6 5. Nc3 O-O 6. dxc5 Na6 7. Be2 Nxc5 8.
O-O d6 9. Nd4 d5 10. cxd5 Nxd5 11. Nxd5 Qxd5 12. Bf3 Qd6 13. Rb1 Bd7 14. b3 Qa6
15. Be2 Qb6 16. Ba3 Rfd8 17. Rc1 Rac8 18. Qe1 e5 19. Nf3 Bf5 20. Qb4 Qxb4 21.
Bxb4 Nd3 22. Bxd3 Bxd3 23. Rfe1 e4 24. Nd4 h5 25. Ba3 Bf6 1/2-1/2

[Event "Festival Magistrale"]
[Site "Caorle ITA"]
[Date "1989.07.??"]
[Round "4"]
[White "Bistric, Faruk"]
[Black "Gant, Otilia"]
[Result "1-0"]
[WhiteElo "2340"]
[BlackElo "2240"]
[PlyCount "115"]
[EventDate "1989.07.01"]

1. d4 Nf6 2. Nf3 c5 3. g3 cxd4 4. Nxd4 Nc6 5. Bg2 g6 6. O-O Bg7 7. c4 Qb6 8.
Nc2 d6 9. Nc3 Be6 10. b3 Qa5 11. Nd5 Nd7 12. Bd2 Qd8 13. Rc1 O-O 14. Bg5 h6 15.
Be3 a5 16. Qd2 Kh7 17. Rfd1 Rc8 18. Na3 Nc5 19. Nb5 Ne5 20. Nf4 Ned7 21. Nxe6
fxe6 22. Qc2 Qe8 23. a3 a4 24. b4 Nb3 25. Bxb7 Rb8 26. Bc6 Nxc1 27. Rxc1 Qc8
28. Be4 d5 29. Bxg6+ Kh8 30. Na7 Qxc4 31. Qxc4 dxc4 32. Nc6 Rbc8 33. Rxc4 Bb2
34. b5 Bxa3 35. Rxa4 Bd6 36. Ra7 Rc7 37. Rxc7 Bxc7 38. Nxe7 Kg7 39. Be4 Rb8 40.
Bd3 Bb6 41. Nc6 Ra8 42. Bxb6 Nxb6 43. f4 Ra2 44. Kf2 Rb2 45. Ke3 Kf6 46. Kd4
Nd7 47. g4 Ra2 48. h4 Ra4+ 49. Bc4 Ra1 50. g5+ hxg5 51. hxg5+ Kf5 52. e3 e5+
53. Nxe5 Nxe5 54. fxe5 Kxg5 55. b6 Rb1 56. Kc5 Rb2 57. e4 Kg6 58. Bd5 1-0

[Event "Festival Magistrale"]
[Site "Caorle ITA"]
[Date "1989.07.??"]
[Round "4"]
[White "Cazzaniga, Walter"]
[Black "Lostuzzi, Manlio"]
[Result "0-1"]
[WhiteElo "1940"]
[BlackElo "2200"]
[PlyCount "60"]
[EventDate "1989.07.01"]

1. f4 d5 2. Nf3 Nf6 3. g3 Bg4 4. Bg2 h5 5. Ne5 Nbd7 6. h3 Bf5 7. d3 e6 8. Nd2
Nxe5 9. fxe5 Nd7 10. Nf3 Be7 11. c3 c6 12. Be3 Qc7 13. Qb3 f6 14. O-O-O fxe5
15. g4 hxg4 16. hxg4 Rxh1 17. Rxh1 Bxg4 18. Rh8+ Nf8 19. Qa4 Bf5 20. Kd2 e4 21.
Nd4 exd3 22. exd3 g6 23. c4 Bf6 24. Rh1 dxc4 25. Nxc6 Kf7 26. Nd4 Bxd4 27. Bxd4
Rd8 28. Qxa7 Qf4+ 29. Kc3 e5 30. Qxb7+ Rd7 0-1

[Event "Festival Magistrale"]
[Site "Caorle ITA"]
[Date "1989.07.??"]
[Round "4"]
[White "Cecchetto, Vanni"]
[Black "Kajganovic, Miodrag"]
[Result "0-1"]
[WhiteElo "1900"]
[BlackElo "2220"]
[PlyCount "156"]
[EventDate "1989.07.01"]

1. e4 e6 2. d4 d5 3. e5 c5 4. c3 Nc6 5. Nf3 Qb6 6. a3 f6 7. Bd3 Bd7 8. Bc2 Nh6
9. b4 cxd4 10. Bxh6 gxh6 11. cxd4 fxe5 12. dxe5 Qc7 13. O-O Nxe5 14. Nd4 O-O-O
15. Nd2 Kb8 16. Qe2 Bg7 17. Rac1 Qb6 18. N4b3 Bb5 19. Qe1 Bxf1 20. Qxf1 Rhf8
21. Nc5 Ng4 22. Nf3 e5 23. h3 e4 24. hxg4 exf3 25. Bf5 Rf7 26. Qd3 Re7 27. Qxf3
Qd6 28. Qd3 Bb2 29. Rb1 Be5 30. a4 Rde8 31. g3 a5 32. Qb5 Bd4 33. Kg2 Rd8 34.
Qxa5 Re2 35. Rf1 Rb2 36. Ne6 Bb6 37. Qb5 Rxb4 38. Qd3 Re8 39. Nf4 Rxa4 40. Qb5
Qc6 41. Qxc6 bxc6 42. Bd7 Rd8 43. Bxc6 Ra5 44. Bxd5 Raxd5 45. Nxd5 Rxd5 46. Rh1
Rd6 47. g5 hxg5 48. Rxh7 g4 49. Rg7 Rd4 50. f4 gxf3+ 51. Kxf3 Kc8 52. g4 Kd8
53. Rb7 Bc7 54. g5 Rf4+ 55. Ke3 Rg4 56. Rb5 Ke7 57. Rb7 Kd7 58. Rb5 Ke6 59. Kf3
Rf4+ 60. Ke3 Be5 61. g6 Rg4 62. Rb6+ Bd6 63. Rb5 Rxg6 64. Rh5 Be5 65. Ke4 Rg4+
66. Kf3 Rf4+ 67. Ke3 Kd5 68. Rh7 Rg4 69. Rd7+ Bd6 70. Rf7 Rb4 71. Rf5+ Be5 72.
Kd3 Rb3+ 73. Kc2 Rc3+ 74. Kd2 Rh3 75. Ke2 Ke4 76. Rf2 Rb3 77. Kd1 Rb1+ 78. Kd2
Rb2+ 0-1

[Event "Festival Magistrale"]
[Site "Caorle ITA"]
[Date "1989.07.??"]
[Round "4"]
[White "Cristiani, Cesare"]
[Black "Capece, Adolivio"]
[Result "1-0"]
[WhiteElo "1900"]
[BlackElo "2205"]
[PlyCount "97"]
[EventDate "1989.07.01"]

1. d4 Nf6 2. c4 c5 3. d5 b5 4. cxb5 e6 5. Nc3 exd5 6. Nxd5 Bb7 7. Nc3 d5 8. e3
Bd6 9. Nf3 O-O 10. Be2 Nbd7 11. h3 Re8 12. O-O Ne5 13. a4 Rc8 14. a5 d4 15.
exd4 Nxf3+ 16. Bxf3 Bxf3 17. Qxf3 cxd4 18. Ne2 Qe7 19. Ng3 Qe5 20. b6 axb6 21.
axb6 Rb8 22. b7 Qb5 23. Nf5 Be5 24. Re1 Bh2+ 25. Kxh2 Rxe1 26. Nxg7 Qxb7 27.
Qxf6 Qb6 28. Qxb6 Rxb6 29. Nf5 f6 30. Nxd4 Rd1 31. Ra8+ Kf7 32. Ra7+ Kg6 33.
Be3 Rxb2 34. Ra6 Rdb1 35. Nf3 Rb4 36. Bd4 Kf7 37. Rxf6+ Ke7 38. Rh6 Rb5 39.
Rxh7+ Kf8 40. h4 Re1 41. Kg3 Rd5 42. Bf6 Rf5 43. Bg5 Kg8 44. Rc7 Rf1 45. Kg4
Ra5 46. Be3 Rh1 47. Ng5 Ra4+ 48. f4 Re1 49. Bc5 1-0

[Event "Festival Magistrale"]
[Site "Caorle ITA"]
[Date "1989.07.??"]
[Round "4"]
[White "Curione, Francesco"]
[Black "Buzzi, Dario"]
[Result "0-1"]
[WhiteElo "1940"]
[BlackElo "1985"]
[PlyCount "106"]
[EventDate "1989.07.01"]

1. e4 c5 2. Nf3 e6 3. d4 cxd4 4. Nxd4 a6 5. c4 Nf6 6. Nc3 Qc7 7. Be3 d6 8. Bd3
Be7 9. O-O Nbd7 10. f4 O-O 11. g4 Nc5 12. Bc2 d5 13. cxd5 exd5 14. Nxd5 Nxd5
15. exd5 Re8 16. b4 Bf6 17. Qf3 Bxg4 18. Qxg4 Rxe3 19. Nf5 Rc3 20. Rf2 Nd3 21.
Bxd3 Rxd3 22. Rd1 Rxd1+ 23. Qxd1 Qb6 24. a3 g6 25. Nh6+ Kg7 26. Ng4 Bd4 27. Kg2
Bxf2 28. Nxf2 f5 29. Qa1+ Qf6 30. Qe5 Qxe5 31. fxe5 Rd8 32. d6 Kf7 33. Nd3 Ke6
34. Kf3 g5 35. Ke3 Kd5 36. Ke2 b6 37. Ke3 h6 38. Ke2 Kd4 39. Kd2 f4 40. a4 f3
41. a5 bxa5 42. bxa5 h5 43. Nb4 f2 44. Ke2 Rf8 45. Kf1 Kxe5 46. d7 Kd6 47. Nxa6
Kxd7 48. Nc5+ Kc6 49. Ne4 g4 50. Nxf2 Ra8 51. Kg2 Rxa5 52. Kg3 Ra3+ 53. Kf4
Rf3+ 0-1

[Event "Festival Magistrale"]
[Site "Caorle ITA"]
[Date "1989.07.??"]
[Round "4"]
[White "Falchetta, Giovanni"]
[Black "Palmiotto, Fiorentino"]
[Result "1/2-1/2"]
[WhiteElo "2250"]
[BlackElo "2065"]
[PlyCount "46"]
[EventDate "1989.07.01"]

1. d4 Nf6 2. Nf3 d5 3. c4 e6 4. Nc3 Be7 5. Bg5 O-O 6. e3 h6 7. Bxf6 Bxf6 8. Rc1
c6 9. Bd3 Nd7 10. cxd5 exd5 11. b4 b5 12. a4 a6 13. a5 Re8 14. O-O Nf8 15. Ne2
Qd6 16. Rb1 Bg4 17. Ng3 g6 18. h3 Bxf3 19. Qxf3 Bg7 20. Rfe1 Ne6 21. h4 h5 22.
Ne2 f5 23. g3 Rac8 1/2-1/2

[Event "Festival Magistrale"]
[Site "Caorle ITA"]
[Date "1989.07.??"]
[Round "4"]
[White "Forgacs, Gyula"]
[Black "Loncar, Robert"]
[Result "1-0"]
[WhiteElo "2340"]
[BlackElo "2350"]
[PlyCount "80"]
[EventDate "1989.07.01"]

1. e4 e5 2. Nf3 Nc6 3. Bb5 a6 4. Bxc6 dxc6 5. O-O f6 6. d4 Bg4 7. dxe5 Qxd1 8.
Rxd1 fxe5 9. Rd3 Bd6 10. Nbd2 b5 11. b3 Ne7 12. Bb2 Ng6 13. g3 O-O 14. Kg2 Rae8
15. a4 Bc8 16. Nf1 Re7 17. N3d2 Bc5 18. Ne3 Ref7 19. f3 Rd7 20. Rxd7 Bxd7 21.
Ndf1 Bc8 22. h4 Bd4 23. c3 Bxe3 24. Nxe3 Rd8 25. Rd1 Rxd1 26. Nxd1 Be6 27. c4
bxc4 28. bxc4 Bxc4 29. h5 Nf8 30. Bxe5 Bb3 31. Nc3 Ne6 32. a5 Kf7 33. f4 Bc2
34. Kf3 c5 35. Ke3 c6 36. f5 Nf8 37. Bd6 Nd7 38. Kd2 Bb3 39. e5 Ke8 40. Ke3
40... h6 {...} 1-0

[Event "Festival Magistrale"]
[Site "Caorle ITA"]
[Date "1989.07.??"]
[Round "4"]
[White "Gajic, Zoran"]
[Black "Becx, Cesar"]
[Result "1/2-1/2"]
[WhiteElo "2290"]
[BlackElo "2300"]
[PlyCount "26"]
[EventDate "1989.07.01"]

1. e4 e5 2. Bc4 Nc6 3. Nc3 Nf6 4. Nf3 Nxe4 5. O-O Nd6 6. Bb3 Be7 7. Re1 e4 8.
Nxe4 Nxe4 9. Rxe4 d5 10. Re3 d4 11. Re1 O-O 12. d3 Bg4 13. h3 Bh5 1/2-1/2

[Event "Festival Magistrale"]
[Site "Caorle ITA"]
[Date "1989.07.??"]
[Round "4"]
[White "Guerra, Alessandro"]
[Black "Andreoli, Renato"]
[Result "1-0"]
[WhiteElo "2128"]
[BlackElo "2230"]
[PlyCount "65"]
[EventDate "1989.07.01"]

1. e4 e5 2. Bc4 Nc6 3. c3 Nf6 4. Qe2 Bc5 5. b4 Bb6 6. a4 a6 7. Nf3 d6 8. d3 Be6
9. Na3 Qd7 10. O-O O-O 11. Bg5 Ne8 12. Qa2 Bg4 13. Nd2 Ne7 14. Nc2 Ng6 15. d4
h6 16. Be3 Qe7 17. f4 exf4 18. Bxf4 Nxf4 19. Rxf4 Be6 20. Kh1 Nf6 21. Raf1 c6
22. Ne3 Rad8 23. Nf5 Bxf5 24. Rxf5 Bc7 25. Bb3 d5 26. e5 Nh7 27. c4 Qxb4 28.
cxd5 cxd5 29. Bxd5 Qxd4 30. Bxf7+ Kh8 31. Nf3 Qe4 32. Qe6 Qe2 33. Nh4 1-0

[Event "Festival Magistrale"]
[Site "Caorle ITA"]
[Date "1989.07.??"]
[Round "4"]
[White "Jovancic, Miodrag"]
[Black "Bern, Ivar"]
[Result "0-1"]
[WhiteElo "2230"]
[BlackElo "2355"]
[PlyCount "61"]
[EventDate "1989.07.01"]

1. d4 f5 2. Nf3 Nf6 3. g3 e6 4. Bg2 d5 5. O-O Bd6 6. b3 Qe7 7. c4 c6 8. Bb2 O-O
9. Qc1 b6 10. Ba3 c5 11. Nbd2 Bb7 12. Qb2 a5 13. Rac1 Na6 14. Rfd1 Rad8 15. Qa1
Ne4 16. Bb2 f4 17. Nxe4 dxe4 18. Ne5 e3 19. fxe3 fxg3 20. d5 exd5 21. Rxd5 Nb4
22. e4 Nxd5 23. cxd5 Rf2 24. hxg3 Rxg2+ 25. Kxg2 Re8 26. Nf3 Qxe4 27. Re1 Qg4
28. Be5 Bxe5 29. Nxe5 Bxd5+ 30. Kf2 Rf8+ 31. Nf3 0-1

[Event "Festival Magistrale"]
[Site "Caorle ITA"]
[Date "1989.07.??"]
[Round "4"]
[White "Karakas-Kertesz, Eva"]
[Black "Capelli, Giorgio"]
[Result "0-1"]
[WhiteElo "2075"]
[BlackElo "2030"]
[PlyCount "80"]
[EventDate "1989.07.01"]

1. e4 e6 2. d3 d5 3. Nd2 Nf6 4. g3 dxe4 5. dxe4 Bc5 6. Qe2 e5 7. h3 Nc6 8. Nb3
Nd4 9. Nxd4 Qxd4 10. Bg2 Bb4+ 11. Kf1 Bd6 12. c3 Qb6 13. Nf3 O-O 14. Be3 Qa5
15. Nd2 b5 16. Kg1 c5 17. Nb3 Qc7 18. Rd1 c4 19. Nd2 Bb7 20. Kh2 a6 21. g4 Nd7
22. b3 cxb3 23. Nxb3 Be7 24. f3 Nb6 25. Bxb6 Qxb6 26. Rd7 Bg5 27. Rhd1 Bf4+ 28.
Kh1 Bc8 29. R1d6 Qb8 30. Rd8 Qc7 31. Qd3 Be6 32. Rxa8 Rxa8 33. Nc5 Qxc5 34.
Rd8+ Rxd8 35. Qxd8+ Qf8 36. Qa5 Qc8 37. a4 bxa4 38. Qxa4 h6 39. Bf1 Qxc3 40.
Kg2 Qd2+ 0-1

[Event "Festival Magistrale"]
[Site "Caorle ITA"]
[Date "1989.07.??"]
[Round "4"]
[White "Kosic, Dragan"]
[Black "Kostic, Vladimir G."]
[Result "0-1"]
[WhiteElo "2445"]
[BlackElo "2350"]
[PlyCount "94"]
[EventDate "1989.07.01"]

1. d4 d5 2. c4 e6 3. Nc3 c5 4. cxd5 exd5 5. Nf3 Nc6 6. g3 Nf6 7. Bg2 Be7 8. O-O
O-O 9. dxc5 Bxc5 10. Bg5 d4 11. Bxf6 Qxf6 12. Nd5 Qd8 13. Nd2 Re8 14. Rc1 Bf8
15. Nf4 g6 16. Nd3 Be6 17. a3 Bd5 18. Bxd5 Qxd5 19. Rc2 Rad8 20. Nf3 Rd7 21.
Qd2 Rde7 22. Re1 Re4 23. b4 a5 24. Rb2 axb4 25. axb4 Qb5 26. Qg5 f5 27. Qd2 b6
28. h4 Qd5 29. h5 Qd7 30. hxg6 hxg6 31. Qc1 Ne7 32. Ng5 Nd5 33. Qc4 Rc8 34. Qa2
Kg7 35. Nxe4 fxe4 36. Ne5 Qe6 37. Nc4 Rd8 38. Qa7+ Be7 39. Nxb6 Qxb6 40. Qa1
Nc3 41. b5 Bf6 42. Rb3 Qe6 43. Qa7+ Rd7 44. Qa3 e3 45. b6 exf2+ 46. Kxf2 Qe3+
47. Kg2 Be5 0-1

[Event "Festival Magistrale"]
[Site "Caorle ITA"]
[Date "1989.07.??"]
[Round "4"]
[White "Luciani, Carlo"]
[Black "Sulava, Nenad"]
[Result "0-1"]
[WhiteElo "2150"]
[BlackElo "2380"]
[PlyCount "72"]
[EventDate "1989.07.01"]

1. e4 c5 2. Nf3 e6 3. d4 cxd4 4. Nxd4 a6 5. Bd3 Nf6 6. O-O Qc7 7. c4 Nc6 8.
Nxc6 dxc6 9. Be3 Nd7 10. Nc3 e5 11. a3 Bc5 12. Qe2 a5 13. Na4 Bxe3 14. Qxe3 b6
15. b4 O-O 16. Nc3 Rd8 17. Rfd1 Bb7 18. Be2 Nf8 19. Bg4 axb4 20. axb4 Rxa1 21.
Rxa1 Rd4 22. Be2 Ne6 23. b5 g6 24. bxc6 Bxc6 25. Nd5 Bxd5 26. exd5 Nc5 27. Qh6
Qb8 28. h4 Ne4 29. h5 Nd6 30. hxg6 hxg6 31. Ra3 Nf5 32. Qg5 Kg7 33. Rh3 Rf4 34.
Bh5 Qa7 35. g3 Qa1+ 36. Kg2 Ne3+ 0-1

[Event "Festival Magistrale"]
[Site "Caorle ITA"]
[Date "1989.07.??"]
[Round "4"]
[White "Maffezzoli, Massimo"]
[Black "Frasson, Giovanni"]
[Result "1/2-1/2"]
[WhiteElo "1940"]
[BlackElo "1900"]
[PlyCount "58"]
[EventDate "1989.07.01"]

1. c4 e5 2. Nc3 Nf6 3. Nf3 Nc6 4. a3 d5 5. cxd5 Nxd5 6. e4 Nb6 7. Bb5 Bd6 8. d4
exd4 9. Nxd4 Bd7 10. Nxc6 bxc6 11. Be2 O-O 12. O-O Qe7 13. Be3 f5 14. exf5 Bxf5
15. Bf3 Rad8 16. Qb3+ Be6 17. Qc2 Rxf3 18. gxf3 Qh4 19. h3 Qxh3 20. f4 Qg4+ 21.
Kh1 Qf3+ 22. Kh2 Bxf4+ 23. Bxf4 Qxf4+ 24. Kg2 Qg4+ 25. Kh2 Qh3+ 26. Kg1 Bd5 27.
Nxd5 Rxd5 28. f4 Rd6 29. Rf2 Qg3+ 1/2-1/2

[Event "Festival Magistrale"]
[Site "Caorle ITA"]
[Date "1989.07.??"]
[Round "4"]
[White "Magrin, Antonio"]
[Black "Magari, Roberto"]
[Result "1/2-1/2"]
[WhiteElo "2200"]
[BlackElo "1935"]
[PlyCount "32"]
[EventDate "1989.07.01"]

1. d4 Nf6 2. Nf3 d6 3. g3 g6 4. Bg2 Bg7 5. Nc3 O-O 6. O-O Nbd7 7. e4 e5 8. d5
Nb6 9. h3 c6 10. Nh2 cxd5 11. exd5 Nh5 12. Ng4 f5 13. Nh6+ Kh8 14. Nxf5 Bxf5
15. g4 Bxc2 16. Qxc2 Nf4 1/2-1/2

[Event "Festival Magistrale"]
[Site "Caorle ITA"]
[Date "1989.07.??"]
[Round "4"]
[White "Maksimovic, Branimir"]
[Black "Barlocco, Carlo"]
[Result "1-0"]
[WhiteElo "2350"]
[BlackElo "2270"]
[PlyCount "137"]
[EventDate "1989.07.01"]

1. d4 d5 2. Nf3 e6 3. c4 c6 4. Qc2 Be7 5. g3 Nf6 6. Bg2 Nbd7 7. O-O O-O 8. Nbd2
b6 9. e4 dxe4 10. Nxe4 Bb7 11. Rd1 Qc8 12. b3 c5 13. Nxf6+ Nxf6 14. Bb2 Rd8 15.
Qe2 Qc7 16. dxc5 Qxc5 17. Ne5 Bxg2 18. Kxg2 Bd6 19. Nd3 Qf5 20. Qf3 Qxf3+ 21.
Kxf3 Rac8 22. Bxf6 gxf6 23. Ke2 f5 24. Rd2 Kf8 25. Rad1 Ke7 26. Ne1 Be5 27.
Rxd8 Rxd8 28. Rxd8 Kxd8 29. b4 Kd7 30. Ke3 Bc3 31. Nc2 Kd6 32. Kd3 Bb2 33. Ne1
e5 34. Nc2 e4+ 35. Kd2 Ke5 36. Ne3 Bd4 37. Ke2 f4 38. gxf4+ Kxf4 39. Nd5+ Ke5
40. Ne7 Bc3 41. c5 bxc5 42. b5 Kd6 43. Nc8+ Kc7 44. Nxa7 f5 45. a4 f4 46. Nc6
Kb6 47. Nd8 Bd4 48. Nf7 f3+ 49. Ke1 e3 50. fxe3 Bxe3 51. Ne5 f2+ 52. Ke2 Bd4
53. Nc4+ Kc7 54. a5 Kb7 55. a6+ Ka7 56. Kf1 Bf6 57. Kxf2 Bd8 58. Kf3 Bc7 59. h3
Bb8 60. Ke4 Bg3 61. Kd5 Bf2 62. Kc6 Bg1 63. Nd6 c4 64. Nxc4 h5 65. Nd6 h4 66.
Ne4 Be3 67. Nc5 Bf4 68. b6+ Ka8 69. Ne6 1-0

[Event "Festival Magistrale"]
[Site "Caorle ITA"]
[Date "1989.07.??"]
[Round "4"]
[White "Maksimovic, Suzana"]
[Black "Leoncini, Mario"]
[Result "1/2-1/2"]
[WhiteElo "2230"]
[BlackElo "2070"]
[PlyCount "60"]
[EventDate "1989.07.01"]

1. d4 d5 2. c4 e6 3. Nc3 Be7 4. Nf3 Nf6 5. cxd5 exd5 6. Bg5 c6 7. Qc2 g6 8. e3
Bf5 9. Bd3 Bxd3 10. Qxd3 Nbd7 11. O-O O-O 12. Bxf6 Bxf6 13. b4 b5 14. a4 a6 15.
a5 Be7 16. Na2 Bd6 17. Rac1 Rc8 18. Rc3 Qe7 19. Qb1 Rc7 20. Rfc1 Rfc8 21. R1c2
f5 22. Rb3 Nf6 23. Nc1 Ne4 24. Nd3 Qe8 25. Qe1 Bf8 26. Nfe5 Nd6 27. Nc5 Ra7 28.
Re2 Nc4 29. Ned3 Rcc7 30. Rb1 Re7 1/2-1/2

[Event "Festival Magistrale"]
[Site "Caorle ITA"]
[Date "1989.07.??"]
[Round "4"]
[White "Mambrini, Augusto"]
[Black "Steiner, Darko"]
[Result "0-1"]
[WhiteElo "1960"]
[BlackElo "2300"]
[PlyCount "80"]
[EventDate "1989.07.01"]

1. d4 f5 2. c4 Nf6 3. Nc3 g6 4. Nf3 Bg7 5. g3 d6 6. Bg2 O-O 7. O-O Qe8 8. Bf4
h6 9. h4 c6 10. d5 Na6 11. dxc6 bxc6 12. Be3 Ng4 13. Bd2 Rb8 14. Rb1 Bd7 15. a3
Qf7 16. b3 Nc5 17. b4 Ne4 18. Nxe4 fxe4 19. Nh2 Qxc4 20. Qb3 Qxb3 21. Rxb3 d5
22. Nxg4 Bxg4 23. e3 c5 24. Rbb1 c4 25. Rfc1 Rfc8 26. Bc3 e5 27. Be1 g5 28.
hxg5 hxg5 29. Rb2 Kf7 30. b5 Bf8 31. Ra1 Bf5 32. Bc3 Ke6 33. a4 Bc5 34. Bf1 Bg4
35. a5 Rh8 36. b6 Rh7 37. Bg2 Bf3 38. Kf1 Rbh8 39. Ke1 Bxg2 40. Kd2 d4 0-1

[Event "Festival Magistrale"]
[Site "Caorle ITA"]
[Date "1989.07.??"]
[Round "4"]
[White "Mufic, Goran"]
[Black "Messina, Enrico"]
[Result "1-0"]
[WhiteElo "2275"]
[BlackElo "1900"]
[PlyCount "75"]
[EventDate "1989.07.01"]

1. e4 c5 2. c3 d6 3. d4 Nf6 4. dxc5 Nc6 5. cxd6 Nxe4 6. Nf3 Nxd6 7. Bf4 e6 8.
Bd3 Be7 9. O-O O-O 10. Qc2 h6 11. Nbd2 Bd7 12. Rad1 Rc8 13. a3 g5 14. Be3 Nf5
15. Bxf5 exf5 16. Nb3 Qc7 17. Bc5 Be6 18. Bxe7 Bxb3 19. Qxb3 Qxe7 20. Rfe1 Qc7
21. Qb5 Qf4 22. Qxb7 g4 23. Nd4 Nxd4 24. Rxd4 Rce8 25. Rf1 Re4 26. Qxa7 Rfe8
27. Qd7 Qg5 28. Rxe4 Rxe4 29. a4 f4 30. a5 f3 31. a6 fxg2 32. Ra1 Qe5 33. Qd1
Qb8 34. a7 Qa8 35. Qd3 Re7 36. Qd4 Kh7 37. c4 Rc7 38. Qd5 1-0

[Event "Festival Magistrale"]
[Site "Caorle ITA"]
[Date "1989.07.??"]
[Round "4"]
[White "Nagy, Janos"]
[Black "Filipovic, Branko"]
[Result "0-1"]
[WhiteElo "2240"]
[BlackElo "2450"]
[PlyCount "70"]
[EventDate "1989.07.01"]

1. e4 c5 2. Nf3 Nc6 3. d4 cxd4 4. Nxd4 Nf6 5. Nc3 e5 6. Ndb5 d6 7. Bg5 a6 8.
Na3 b5 9. Bxf6 gxf6 10. Nd5 f5 11. Bd3 Be6 12. Qh5 Bg7 13. O-O f4 14. c3 O-O
15. g4 Kh8 16. f3 Rg8 17. Kh1 Bf8 18. Rg1 Rg5 19. Qh4 h6 20. Nc2 f5 21. a4 bxa4
22. Rxa4 a5 23. Bc4 fxg4 24. fxg4 Rb8 25. b3 Ne7 26. Nxe7 Qxe7 27. Rxa5 Bxc4
28. bxc4 Qc7 29. Rb5 Rxb5 30. cxb5 Qxc3 31. Qf2 d5 32. Ne1 Bc5 33. Qh4 Kh7 34.
Rg2 f3 35. Rc2 Rxg4 0-1